=LDR 00000nam 2200000 4500 =001 INLIS000000000022973 =005 20130612121656 =008 ***********************************Ind** =035 ##$$0010-061300000022973 =041 ##$$a Ind =082 ##$$a 371.27 =090 ##$$a 371.27, Muj t =100 ##$$a Mujiyo =245 ##$$a Tes hasil belajar, Mujiyo =260 ##$$a 1995 $b Jakarta =300 ##$$a viii, 113 hlm, 21 cm =650 ##$$a Pendidikan - Belajar =850 ##$$a NBPNMAT =990 ##$$a 0001/BPAP-NTB/2016